000 00306nam a22001337a 4500
008 170710b xxu||||| |||| 00| 0 eng d
020 _a0684194562
041 _aeng
080 _a030
100 _a23
101 _aENC
245 _aENCYCLOPEDIA OF AMERICAN SOCIAL HISTORY
_cCAYTON,M,K
942 _2udc
_cBK
999 _c20115
_d20115